Young architects Americas

Uloženo v:
Podrobná bibliografie
Médium: Kniha
Jazyk:španělština
angličtina
němčina
francouzština
italština
Vydáno: Londres Daab 2007
Témata:
Tagy: Přidat tag
Žádné tagy, Buďte první, kdo vytvoří štítek k tomuto záznamu!

MARC

LEADER 00000nam a2200000 a 4500
001 UCG4614
003 CL-VaPUC
008 101111e20070000UK |||||||||||||||||spa|d
020 |a 9783937718705 
041 0 7 |a spa  |2 CL-VaPUC 
041 0 7 |a eng  |2 CL-VaPUC 
041 0 7 |a ger  |2 CL-VaPUC 
041 0 7 |a fre  |2 CL-VaPUC 
041 0 7 |a ita  |2 CL-VaPUC 
082 0 4 |a 720.97  |b YOU  |2 21 
245 1 0 |a Young architects Americas 
300 |a 381 
942 |c BK 
945 |d 20101111 00:00:00  |a mfarfan 
260 |a Londres  |b Daab  |c 2007 
650 0 |a Arquitectura  |9 804558 
650 0 |a Arquitectos   |9 268647 
651 7 |a AMERICA DEL NORTE  |2 CL-VaPUC  |9 311278 
651 0 |a América Central  |9 255026 
651 0 |a América del Sur  |9 260128 
583 |a last modification  |c 20101111 00:00:00  |k Rodrigo Vera 
999 |c 343301  |d 343299 
952 |0 0  |1 0  |4 0  |6 720_970000000000000_YOU_2007  |7 0  |8 A  |9 440522  |a BIBARQ  |b BIBARQ  |d 2019-11-22  |i 4733754  |o 720.97 YOU 2007  |p 4733754  |r 2025-01-20  |w 2019-11-22  |y BK  |k ARQ